| 000 | 00501cam a2200193ua 4500 | ||
|---|---|---|---|
| 020 | _c21.00 | ||
| 041 |
_aeng _h |
||
| 082 |
_a629.246 _bABB/AU |
||
| 100 | _aAbbey, Station. | ||
| 245 |
_aAutomobile steering braking and suspension overhaul / _cStation Abbey. _hTextual Documents |
||
| 250 |
_a3 / _b. |
||
| 260 |
_aLondon : _bSir Isaac Pitman & Sons Ltd , _c1961. |
||
| 300 | _a221 ; . | ||
| 365 | _a21.00 | ||
| 504 | _a | ||
| 942 | _cBK | ||
| 999 |
_c10745 _d10745 |
||